000 00397nam a2200157 4500
005 20260128124128.0
008 CUC123
020 _a9788125914761
050 _aHF 5415.2 SUM
_b1
100 _aSUMATHI .S
245 _aMARKETING RESEARCH AND CONSUMER BEHAVIOUR
260 _aNew Delhi
_bVIKAS Pub. house pvt.LTD
_c2006
300 _aXVI, 761p tab.
700 _aSARAVANAVEL, P.
942 _2lcc
_cBK
_n0
999 _c8645
_d8645